100 things to know about science (Record no. 536)

MARC details
000 -LEADER
fixed length control field 01052nam a22002657a 4500
005 - DATE AND TIME OF LATEST TRANSACTION
control field 20230524144600.0
020 ## - INTERNATIONAL STANDARD BOOK NUMBER
International Standard Book Number 9781409582182
040 ## - CATALOGING SOURCE
Original cataloging agency FISKH
Language of cataloging eng
Transcribing agency FISKH
Modifying agency FISKH
050 ## - LIBRARY OF CONGRESS CALL NUMBER
Classification number Q163.F75
082 ## - DEWEY DECIMAL CLASSIFICATION NUMBER
Classification number 500
100 ## - MAIN ENTRY--PERSONAL NAME
Personal name Frith, Alex
245 ## - TITLE STATEMENT
Title 100 things to know about science
Statement of responsibility, etc. Written by Alex Frith, Minna Lacey, Jerome Martin & Jonathan Melmoth
260 ## - PUBLICATION, DISTRIBUTION, ETC.
Place of publication, distribution, etc. London
Name of publisher, distributor, etc. Usborne
Date of publication, distribution, etc. 2015.
300 ## - PHYSICAL DESCRIPTION
Extent 127 pages :
Dimensions 25 cm
505 ## - FORMATTED CONTENTS NOTE
Formatted contents note Q
520 ## - SUMMARY, ETC.
Summary, etc. Science is a huge topic, but this friendly book breaks it down into bite-sized chunks, making it an accessible introduction for anyone who wants to find out about this fascinating subject. Highly illustrated, in a pictorial, 'infographics' style, with snippets of information about all aspects of science from particle physics to genes and DNA.
521 ## - TARGET AUDIENCE NOTE
Target audience note 900 <br/>
Source Lexile IG
521 ## - TARGET AUDIENCE NOTE
Target audience note Q <br/>
Source Raz-Plus
700 ## - ADDED ENTRY--PERSONAL NAME
Personal name Lacey, Minna
700 ## - ADDED ENTRY--PERSONAL NAME
Personal name Martin, Jerome
700 ## - ADDED ENTRY--PERSONAL NAME
Personal name Melmoth, Jonathan
942 ## - ADDED ENTRY ELEMENTS (KOHA)
Source of classification or shelving scheme Dewey Decimal Classification
Koha item type Books
Suppress in OPAC No
999 ## -
-- 536
-- 536
Holdings
Withdrawn status Lost status Source of classification or shelving scheme Damaged status Not for loan Collection Home library Current library Shelving location Date acquired Total Checkouts Full call number Barcode Date last seen Date last checked out Price effective from Koha item type
    Dewey Decimal Classification Damaged Not For Loan Non-Fiction Footprints International School Library Network Toul Kork Campus Footprints International School Library Network Toul Kork Campus   05/24/2023 4 FRI 500 Q163.F75 2023-0094 05/23/2024 03/07/2024 05/24/2023 Books